| 000 | 01173nam a22003377a 4500 | ||
|---|---|---|---|
| 003 | CHAP | ||
| 005 | 20220329135305.0 | ||
| 008 | 971013s1969 r 00010 d | ||
| 010 | _a33850 | ||
| 011 | _a34822 | ||
| 035 | _a38938 | ||
| 040 | _cCHAP | ||
| 082 |
_a581.4 _bC88 |
||
| 100 | 0 | 0 |
_aCutter, Elizabeth G. _930766 |
| 245 |
_aPlant anatomy _b: experiment and interpretation |
||
| 260 |
_aReading, Mass : _bAddison_Wesley, _c1969-71 |
||
| 300 |
_a2 v. _b: ilus. |
||
| 500 | _aLa biblioteca tiene: v.1 , v.2 | ||
| 505 | _aContenido: v.1 Cells and tissues. -- v.2 Organs. | ||
| 590 |
_aBATCH-UPD _b10 _c20130110 _lUCH01 _h0307 |
||
| 590 |
_aBATCH-UPD _b10 _c20130110 _lUCH01 _h1910 |
||
| 590 |
_aBATCH-UPD _b10 _c20130409 _lUCH01 _h2338 |
||
| 590 |
_aBATCH-UPD _b10 _c20130914 _lUCH01 _h0326 |
||
| 590 |
_aCONVERSION _b10 _c20130109 _lUCH01 _h1319 |
||
| 650 | 1 | 4 |
_aAnatomÃa vegetal. _95495 |
| 901 | _aBK | ||
| 942 | _cLIBRO | ||
| 949 |
_a581.4 C88 _bBC _cLIBRO _d33724000539664 _eLIBRO _fv.1 c.2 _h15488 _i38938 _si |
||
| 949 |
_a581.4 C88 _bBC _cLIBRO _d33724000539672 _eLIBRO _fv.1 _h15476 _i38938 _si |
||
| 949 |
_a581.4 C88 _bBC _cLIBRO _d33724000539680 _eLIBRO _fv.2 _h18019 _i38938 _si |
||
| 999 |
_c33850 _d33850 |
||